000 01927nam0a2200349 4500
001 RU\NLR\bibl\1330795
005 20250615163754.0
021 _aРГБ
_b5920-07
035 _a(nilc)RSL-KNO-003324745
035 _a(NLR Aleph) 001316030
090 _a709681
_c709681
100 _a20071102d2000 |||y0rusy50 ca
101 0 _arus
102 _aRU
105 _aa |||||||||
200 1 _aО жизни музея в эпоху перемен ...
_eвоспоминания шестнадцатого директора Государственного Исторического музея
_fК. Г. Левыкин
_g[Гос. ист. музей]
210 _aМосква
_cРИЦ ГИМ
_d2000
215 _a237, [1] с.
_cпортр.
_d21
225 1 _aИз истории Государственного Исторического музея
601 0 2 _aГосударственный исторический музей
_cМосква, город
_jВоспоминания, записки и т.п.
_xИстория
_92531926
_3RU\NLR\auth\661499661
610 0 _aКультура. Наука. Просвещение -- Музейное дело. Музееведение -- История -- Россия -- Персоналии деятелей музейного дела -- Левыкин Константин Григорьевич (р. 1925) - деятель музейного дела
610 0 _aГосударственный исторический музей (Москва)
686 _aЧ773(2)7-8Левыкин К.Г.,0
_2rubbk
686 _aТ3(2)л60,013
700 1 _4070
_7ca
_8rus
_aЛевыкин
_bК. Г.
_f1925-2015
_gКонстантин Григорьевич
_9181687
_3RU\NLR\AUTH\770181738
801 0 _aRU
_bРГБ
_c20071102
_grcr
801 1 _aRU
_bРГБ
_c20071102
801 2 _aRU
_bNLR
_c20081105
_grcr
830 _aавт. по эк
942 _cBOOK
980 _aNB